| 000 | nam a22 a 4500 | ||
|---|---|---|---|
| 999 |
_c447580 _d447580 |
||
| 003 | BLK | ||
| 005 | 20220308132221.0 | ||
| 008 | 220308b bul|||||r ||||||| ||bul|| | ||
| 040 | _aBLK | ||
| 041 |
_aBUL _cBUL |
||
| 080 |
_aИзвънкласна и извънучилищна дейност - Кръжоци, дружества, конкурси, училищни тържества, спортни състезания, техническо творчество, художествена самодейност и др. _b37.035.46 _x(062) _z37.035.46(062) |
||
| 139 | _bН 12 | ||
| 245 | 1 | 0 |
_aНа словото с любов _bПоетични трепети _h[Малотир. изд.] |
| 257 | _aBGR | ||
| 260 |
_aРусе _bб. и. _c2008 _9441842 |
||
| 300 |
_a28 с. _bс ил. _c21 см |
||
| 380 | _a3 | ||
| 500 | _aИзд. Общински детски център за култура и изкуство - Русе, Клуб Приятели на книгата | ||
| 653 | 7 |
_aдетско творчество _9184873 |
|
| 653 | 7 |
_aОбщински детски център за култура и изкуство _9192640 |
|
| 852 |
_bК _cК 37/Н 12 |
||
| 856 | 4 | _qpdf | |
| 856 | 4 | _qpdf | |
| 942 |
_cKNG _n0 _s1 |
||
| 944 |
_aCR _c2022-03-08 _kА.М. |
||
| 999 | _d447580 | ||